Statistics for Seven: all answers relate to the number 7

Click here to take the quiz!

General Stats

  • This quiz has been taken 19 times
  • The average score is 7 of 12

Answer Stats

HintAnswer% Correct
Fizzy drinkSeven Up
89%
Major convenience store chain7-Eleven
84%
All of the world's oceansSeven Seas
79%
Seven Brides for who?Seven Brothers
74%
In Iran, German, Spanish, and other cultures that speak Romance Languages, what animal has seven lives?Cat
68%
What Square is at Broadway and Seventh AvenueTimes
58%
Marital scratching aka?Seven Year Itch
53%
Who said "What's in the Box?" in the film "Seven"Brad Pitt
47%
White Stripes (most well known) song that has launched a million sports chantsSeven Nation Army
37%
Ph 7 is.......Neutral
32%
Yul Brynner or Joe Strummer!The Magnificent Seven
32%
Baseball player deisgnated as 7 (apparently)Left fielder
11%

Score Distribution

Percentile by Number Answered

Percent of People with Each Score

Your Score History

You have not taken this quiz